The Alamo and the War of Texan Independence 1835-36 /

Bibliographic Details
Main Author: Haythornthwaite, Philip J.
Format: Book
Language:English
Published: London : Osprey, 1986
Series:Men-at-arms series ; 173.
Subjects:

MARC

Tag First Indicator Second Indicator Subfields
LEADER 00000cam a2200000 a 4500
001 in00001040407
005 20150928152923.0
008 860602s1986 enkabce b 000 0 eng d
010 |a gb 85043994  
015 |a GB85-43994 
020 |a 0850456843 (pbk) :  |c £3.95 
035 |a (OCoLC)12946508 
035 |9 AFH4607AM 
040 |a UKM  |c UKM  |d OCL  |d TXA  |d UtOrBLW 
041 0 |a eng  |b eng  |b fre  |b ger 
043 |a n-us-tx 
049 |a TXAS [mil] 
050 1 0 |a F390 
082 0 |a 976.4/03  |2 19 
090 |a F390  |b .H346 1986 
100 1 |a Haythornthwaite, Philip J. 
245 1 4 |a The Alamo and the War of Texan Independence 1835-36 /  |c text by Philip Haythornthwaite ; colour plates by Paul Hannon. 
264 1 |a London :  |b Osprey,  |c 1986 
264 3 |c 1991 printing 
300 |a 48 pages :  |b illustrations (some color), maps, plans, portraits ;  |c 25 cm. 
336 |a text  |b txt  |2 rdacontent 
337 |a unmediated  |b n  |2 rdamedia 
338 |a volume  |b nc  |2 rdacarrier 
490 1 |a Men-at-arms series ;  |v 173 
500 |a English text, English, French and German captions to plates. 
504 |a Bibliography : pages 47-48. 
651 0 |a Texas  |x History  |y Revolution, 1835-1836. 
830 0 |a Men-at-arms series ;  |v 173. 
999 |a MARS 
999 f f |s b880f69a-7ab8-39eb-9c63-86f1aa5dfcea  |i 9f303858-2d8d-30ed-a111-3ee4811bd4f8  |t 0 
952 f f |p noncirc  |a Texas A&M University  |b College Station  |c Cushing Memorial Library & Archives  |d Cushing: Ragan Military (Does not check out)  |t 0  |e F390 .H346 1986  |h Library of Congress classification  |i unmediated -- volume 
998 f f |a F390 .H346 1986  |t 0  |l Cushing: Ragan Military (Does not check out)